00291nam a2200109Ia 4500008004100000020001800041082000900059100002500068245003100093260004800124300000900172250731s9999 xx 000 0 und d a9632354635365 a YAS aYASMA/ H DH KURINBI 0a Pareenge Raaneeaai Dheyoa a"Male', Maldives"bDhagatha publitionc2012 a52p.